000 00610nam a2200241 a 4500
001 nice12345678
003 IN_TiNIC
005 20260116013758.0
008 050524s1996 grea grp 000 0 eng
020 _a1852304
_c695
082 0 0 _a296.155
_bEIS
100 _aEisenman, Robert
245 _aDead Sea Scrolls and the First Christians.
260 _aGreat Britain
_bElement Books
_c1996
300 _a449p
500 _aincludes index and biblioraphy
505 2 _aIndex
650 _aDead Sea Scrolls
700 1 _aEisenman, Robert
902 _bSRS
942 _cBK
999 _c12457
_d12457